Mario Kart 8 Deluxe Vehicles - Statistics

General Stats
  • This quiz has been taken 10 times
  • The average score is 14 of 41
Answer Stats
Answer % Correct
Standard Bike
100%
Standard Kart
100%
Gold Standard
67%
Standard ATV
67%
Yoshi Bike
67%
Biddybuggy
50%
Cat Cruiser
50%
Landship
50%
Master Cycle
50%
Master Cycle Zero
50%
Mr. Scooty
50%
Pipe Frame
50%
Prancer
50%
Streetle
50%
Wild Wiggler
50%
Badwagon
33%
B Dasher
33%
Blue Falcon
33%
Bone Rattler
33%
Koopa Clown
33%
Steel Driver
33%
Tanooki Kart
33%
Teddy Buggy
33%
Tri-Speeder
33%
Circuit Special
17%
City Tripper
17%
Comet
17%
GLA
17%
Inkstriker
17%
Jet Bike
17%
Mach 8
17%
P-Wing
17%
Splat Buggy
17%
Sports Bike
17%
Sports Coupe
17%
The Duke
17%
Varmint
17%
300 SL Roadster
0%
Flame Rider
0%
Sneeker
0%
W 25 Silver Arrow
0%
No matching quizzes found
Score Distribution
Percent of People with Each Score
Percentile by Number Answered
Your Score History
You have not taken this quiz